000 00705nam a22002297a 4500
003 OSt
005 20230623120356.0
008 230623b |||||||| |||| 00| 0 eng d
020 _a9781589019188
040 _cNIRUC
050 _aHV6773.15
_bC97.C93
100 _aReveron, Derek S.
245 _aCyberspace and national security ;
_bThreats, opportunities, and power in a virtual world
_cDerek S. Reveron
260 _aWashington D.C
_bGeorgetown University Press
_c2012
300 _a246p.
500 _aIncludes bibliographical references and index
650 _2cyberterrorism
650 _2national security
650 _2conflict management
700 _aDerek S. Reveron
942 _2lcc
_cBK
_n0
999 _c182
_d182